000 00560nam a2200181Ia 4500
005 20250508155904.0
008 008 250505s9999 xx 000 0 eng d
037 _aTextual
040 _aFEDL
_beng
_cFEDL
041 _aeng
_2eng
084 _a372.35, SCO
_qFEDL
245 0 _aMemoramdum on mature study and the teaching of science in scottish schools
245 0 _cScotch Education Department
260 _aLondon, UK
_bHis Majesty's Stationery Office
_c1908
300 _a50p
942 _cTEXL
_h372.35, SCO
999 _c1359869
_d1359869